Helena Parole Mon Piano et moi - Statistiques

Statistiques générales
  • Ce quiz a été pris 222 fois
  • Le résultat moyen est 183 sur 228
Statistiques - réponses
Réponse % Correct
t
100%
a
98%
mon
98%
et
97%
moi
96%
piano
96%
te
96%
de
95%
ce
94%
le
94%
pour
94%
je
93%
la
93%
on
93%
tu
92%
en
91%
pas
91%
anniversaire
90%
ça
89%
ca
89%
les
89%
un
89%
comme
88%
se
88%
tes
88%
c'etait
87%
du
87%
puis
87%
que
86%
si
85%
qui
84%
qu'on
84%
savait
84%
idée
83%
meilleur
83%
s'aime
83%
terre
83%
frére
82%
mariage
82%
quoi
82%
plus
81%
serait
81%
vie
81%
balance
80%
cadeau
80%
mais
80%
maman
80%
salon
80%
ton
80%
y
80%
au
78%
connaissais
78%
dans
78%
dla
78%
sur
78%
t'ai
78%
va
78%
venu
78%
as
77%
bien
77%
rien
77%
entière
76%
joues
76%
accords
75%
blanches
75%
c'est
75%
disait
75%
fond
75%
touches
75%
coin
74%
noires
74%
solo
74%
début
73%
fait
73%
débarqué
72%
jour
72%
juste
72%
qu'est-ce
72%
voisins
72%
chantais
71%
l'air
71%
prendre
71%
stress
71%
fenetre
70%
planquée
70%
premiers
70%
emmené
68%
été
68%
aimaient
67%
des
67%
nos
67%
parents
67%
premiére
67%
toi
67%
j'apprenais
66%
nous
66%
qu'elle
66%
scène
66%
applaudissements
64%
entendaient
64%
j'attendais
64%
peut-etre
64%
qu'ils
64%
jouait
63%
j'sais
63%
tremblent
63%
barrent
62%
confinés
62%
enfants
62%
alors
61%
vraiment
59%
pays
58%
partie
57%
chansons
56%
suis
56%
ami
55%
fou
55%
voir
55%
avait
54%
côte
51%
coté
51%
attendu
50%
m'as
50%
voilà
49%
longtemps
48%
s'est
48%
quittés
42%
oh
40%
n'etait
34%
t'est
30%
mots
17%
Aucun quiz correspondant
Distribution des résultats
% des personnes avec chaque résultat
Percentile par nombre de réponses
Votre historique - résultats
Vous n’avez pas pris ce quiz